| 000 | 00352nam a22001577a 4500 | ||
|---|---|---|---|
| 003 | SGT | ||
| 020 | _a9789388548137 | ||
| 082 |
_a345.54 _bCHA |
||
| 100 | _aCHAND , TEK | ||
| 245 | _aLAW OF CONTEMPT OF COURT AND LEGISLATURE | ||
| 250 | _a6 | ||
| 260 |
_bLEXIS NEXIS _c2021 |
||
| 300 | _aXCVIII ,971 | ||
| 653 | _aCONTEMPT OF COURT | ||
| 942 |
_2ddc _cBK |
||
| 999 |
_c22452 _d22452 |
||